[Event "Remote S7E Starter-58 email"]
[Site "Remote email"]
[Date "2014.08.12"]
[Round "?"]
[White "Roos, Bernhard"]
[Black "Eichelsdoerfer, Martin"]
[Result "1-0"]
[WhiteElo "2020"]
[BlackElo "1837"]
[PlyCount "137"]
[EventDate "2014.??.??"]
[EventType "tourn (corr)"]
[EventRounds "6"]
[EventCountry "GER"]
[SourceTitle "Corr 2015"]
[Source "ChessBase"]
[SourceDate "2015.07.17"]
[SourceVersion "1"]
[SourceVersionDate "2015.07.17"]
[SourceQuality "1"]

1. e4 Nc6 2. Nf3 f5 3. exf5 d5 4. Bb5 Bxf5 5. Ne5 Bd7 6. Qh5+ g6 7. Nxc6 bxc6 8. Qe5 Nf6 9. Ba4 Bg7 10. Qd4 0-0 11. d3 Ne4 12. Qe3 Nxf2 13. 0-0 d4 14. Qg3 Ng4 15. Bxc6 Rxf1+ 16. Kxf1 Be5 17. Bd5+ e6 18. Qxg4 exd5 19. Qf3 Be6 20. Kg1 Qh4 21. g3 Qh3 22. Qe2 Rf8 23. Qg2 c5 24. Nd2 a5 25. Nb3 Qg4 26. Bd2 Bxg3 27. hxg3 Rf3 28. Bf4 g5 29. Bd6 c4 30. Nc5 cxd3 31. cxd3 Bf5 32. Re1 Bxd3 33. Re8+ Kg7 34. Ne6+ Kg6 35. Rg8+ Kh6 36. Bf8+ Rxf8 37. Qh2+ Qh5 38. Qxh5+ Kxh5 39. Rxf8 Kg4 40. Kf2 h5 41. Nxd4 h4 42. gxh4 gxh4 43. Rh8 h3 44. Nc6 a4 45. Nb4 Be4 46. a3 d4 47. Na6 d3 48. Ke3 Bf5 49. Nc5 Kg3 50. Nxd3 h2 51. Rxh2 Kxh2 52. Nc5 Bc2 53. Kd2 Bf5 54. Nxa4 Kg3 55. Nc5 Kf4 56. Kc3 Ke5 57. Kb4 Kd6 58. Kb5 Kc7 59. a4 Bc8 60. a5 Kb8 61. Kb6 Ka8 62. b4 Kb8 63. Na6+ Ka8 64. Nc7+ Kb8 65. a6 Bxa6 66. Kxa6 Kxc7 67. b5 Kb8 68. Kb6 Ka8 69. Kc7 1-0

[Event "Remote S7E Easy-177 email"]
[Site "Remote email"]
[Date "2013.11.07"]
[Round "?"]
[White "Biskopp, Wolf Ulrich"]
[Black "Eichelsdoerfer, Martin"]
[Result "1-0"]
[WhiteElo "2309"]
[BlackElo "1918"]
[PlyCount "45"]
[EventDate "2013.??.??"]
[EventType "tourn (corr)"]
[EventRounds "6"]
[EventCountry "GER"]
[SourceTitle "Corr 2015"]
[Source "ChessBase"]
[SourceDate "2015.07.17"]
[SourceVersion "1"]
[SourceVersionDate "2015.07.17"]
[SourceQuality "1"]

1. d4 Nf6 2. c4 g6 3. Nc3 Bg7 4. e4 e6 5. e5 Nh5 6. Be2 c6 7. g4 Nf6 8. Bg5 d5 9. cxd5 cxd5 10. Nf3 Nbd7 11. exf6 Nxf6 12. Ne5 0-0 13. Rc1 Qb6 14. Qd2 h6 15. Bxh6 Nh7 16. Bxg7 Kxg7 17. h4 Rh8 18. Qf4 Rf8 19. Nb5 a6 20. Rc7 axb5 21. Rxf7+ Rxf7 22. Qxf7+ Kh6 23. Qxg6# 1-0

[Event "Remote S7E Easy-177 email"]
[Site "Remote email"]
[Date "2013.11.07"]
[Round "?"]
[White "Eichelsdoerfer, Martin"]
[Black "Fischer, Juergen"]
[Result "1-0"]
[WhiteElo "1927"]
[BlackElo "1586"]
[PlyCount "73"]
[EventDate "2013.??.??"]
[EventType "tourn (corr)"]
[EventRounds "6"]
[EventCountry "GER"]
[SourceTitle "Corr 2015"]
[Source "ChessBase"]
[SourceDate "2015.07.17"]
[SourceVersion "1"]
[SourceVersionDate "2015.07.17"]
[SourceQuality "1"]

1. d4 d5 2. c4 Nf6 3. Nc3 e6 4. Nf3 h6 5. e3 Bb4 6. Qc2 Bxc3+ 7. bxc3 0-0 8. Be2 b6 9. 0-0 Bb7 10. cxd5 Bxd5 11. c4 Be4 12. Qa4 c6 13. Ne5 Qc7 14. Bf3 Bxf3 15. Nxf3 Nfd7 16. Bb2 Rd8 17. Rfd1 Nf6 18. Ne5 a6 19. Ba3 h5 20. Qc2 c5 21. Bb2 Rd6 22. f4 Nbd7 23. Ba3 h4 24. Bb2 Qb7 25. Nxd7 Rxd7 26. h3 Rad8 27. Rd2 a5 28. Rad1 Ne4 29. Rd3 Qb8 30. a4 Ng3 31. dxc5 bxc5 32. Rxd7 Rxd7 33. Rxd7 f6 34. Qd2 Kh7 35. Qd3+ Kh6 36. Bxf6 gxf6 37. Qh7# 1-0

[Event "Remote S7E Easy-173 email"]
[Site "Remote email"]
[Date "2013.10.08"]
[Round "?"]
[White "Eichelsdoerfer, Martin"]
[Black "Tortoza, Carlos Alberto"]
[Result "1-0"]
[WhiteElo "1927"]
[BlackElo "1563"]
[PlyCount "95"]
[EventDate "2013.??.??"]
[EventType "tourn (corr)"]
[EventRounds "6"]
[EventCountry "GER"]
[SourceTitle "Corr 2015"]
[Source "ChessBase"]
[SourceDate "2015.07.17"]
[SourceVersion "1"]
[SourceVersionDate "2015.07.17"]
[SourceQuality "1"]

1. Nf3 d5 2. d4 Nf6 3. c4 c6 4. Nc3 Bf5 5. Bg5 e6 6. Ne5 Be7 7. e3 0-0 8. Be2 Ne4 9. Bxe7 Qxe7 10. cxd5 cxd5 11. f3 Nxc3 12. bxc3 f6 13. Nd3 b6 14. 0-0 e5 15. g4 Bg6 16. Qb3 Nc6 17. Qb5 Qe6 18. Rf2 f5 19. dxe5 Nxe5 20. Nf4 Qf7 21. Qxd5 Rad8 22. Qxe5 fxg4 23. fxg4 Rde8 24. Qd6 Be4 25. Raf1 Qxa2 26. Bd3 Qa4 27. Bxe4 Qxe4 28. Qa3 a5 29. Qb3+ Kh8 30. Qxb6 a4 31. Qc5 Rf6 32. g5 Rf5 33. Ng2 Rxf2 34. Rxf2 Qb1+ 35. Rf1 Qb3 36. Rf8+ Rxf8 37. Qxf8+ Qg8 38. Qe7 a3 39. Qxa3 g6 40. Qe7 Qc8 41. Qe5+ Kg8 42. h4 Qd7 43. Qd4 Qc7 44. c4 Qb8 45. c5 Qb1+ 46. Kh2 Qb8+ 47. Nf4 Qb2+ 48. Qxb2 1-0

[Event "Remote S7E Easy-173 email"]
[Site "Remote email"]
[Date "2013.10.08"]
[Round "?"]
[White "Eichelsdoerfer, Martin"]
[Black "Witt, Monika"]
[Result "1-0"]
[WhiteElo "1927"]
[BlackElo "1451"]
[PlyCount "117"]
[EventDate "2013.??.??"]
[EventType "tourn (corr)"]
[EventRounds "6"]
[EventCountry "GER"]
[SourceTitle "Corr 2015"]
[Source "ChessBase"]
[SourceDate "2015.07.17"]
[SourceVersion "1"]
[SourceVersionDate "2015.07.17"]
[SourceQuality "1"]

1. Nf3 Nc6 2. Nc3 Nf6 3. d4 d5 4. Bg5 a6 5. e3 Bg4 6. h3 Bh5 7. Be2 h6 8. Bxf6 exf6 9. 0-0 Bb4 10. Qd3 Bxc3 11. Qxc3 Qd6 12. Rfd1 Bxf3 13. Bxf3 0-0 14. a3 h5 15. Bxh5 g6 16. Bf3 Rae8 17. Qd2 f5 18. Re1 Ne7 19. b3 Kg7 20. c4 Rh8 21. c5 Qf6 22. Qb4 Nc6 23. Qxb7 Na5 24. Qxc7 Nxb3 25. Rad1 Re7 26. Qd6 Qxd6 27. cxd6 Rd7 28. Bxd5 Na5 29. Ba2 Rxd6 30. Rc1 Rb8 31. Rc7 Rf6 32. Rec1 Rb2 33. Bd5 g5 34. Kh2 Rxf2 35. R1c5 g4 36. Rxa5 g3+ 37. Kxg3 Rf1 38. Rxf7+ Kg6 39. Rxf6+ Kxf6 40. Rxa6+ Ke7 41. Bf3 f4+ 42. Kxf4 Rc1 43. a4 Kd7 44. a5 Rc8 45. Bc6+ Kc7 46. Ra8 Kd8 47. Rxc8+ Kxc8 48. Ke5 Kd8 49. a6 Kc7 50. d5 Kb6 51. Bb7 Ka7 52. Ke6 Kb6 53. d6 Ka7 54. d7 Kb6 55. d8Q+ Ka7 56. Qa5 Kb8 57. Bf3 Ka7 58. Kd6 Kb8 59. Qc7# 1-0

[Event "Remote S7E Easy-173 email"]
[Site "Remote email"]
[Date "2013.10.08"]
[Round "?"]
[White "Fiesel, Hans Juergen"]
[Black "Eichelsdoerfer, Martin"]
[Result "0-1"]
[WhiteElo "1702"]
[BlackElo "1918"]
[PlyCount "60"]
[EventDate "2013.??.??"]
[EventType "tourn (corr)"]
[EventRounds "6"]
[EventCountry "GER"]
[SourceTitle "Corr 2015"]
[Source "ChessBase"]
[SourceDate "2015.07.17"]
[SourceVersion "1"]
[SourceVersionDate "2015.07.17"]
[SourceQuality "1"]

1. d4 Nf6 2. Bf4 d6 3. e3 b6 4. Nd2 g6 5. Ngf3 Bg7 6. Be2 Bb7 7. 0-0 Nh5 8. Bb5+ c6 9. Bd3 Nxf4 10. exf4 Nd7 11. c3 e6 12. Qb3 d5 13. Ne5 Nxe5 14. fxe5 0-0 15. a4 Qd7 16. a5 Bh6 17. Rfd1 b5 18. a6 Bc8 19. Qa2 Rb8 20. Nb3 Bg5 21. Nc5 Qc7 22. b3 Be7 23. c4 Bxc5 24. dxc5 bxc4 25. bxc4 Qxe5 26. cxd5 cxd5 27. Re1 Qd4 28. Red1 Rb2 29. Qa5 Qxf2+ 30. Kh1 Qxg2# 0-1

[Event "Remote S7E Starter-48 email"]
[Site "Remote email"]
[Date "2013.09.30"]
[Round "?"]
[White "Gottwald, Bernhard"]
[Black "Eichelsdoerfer, Martin"]
[Result "0-1"]
[WhiteElo "1870"]
[BlackElo "1927"]
[PlyCount "84"]
[EventDate "2013.??.??"]
[EventType "tourn (corr)"]
[EventRounds "6"]
[EventCountry "GER"]
[SourceTitle "Corr 2015"]
[Source "ChessBase"]
[SourceDate "2015.07.17"]
[SourceVersion "1"]
[SourceVersionDate "2015.07.17"]
[SourceQuality "1"]

1. d4 Nf6 2. c4 g6 3. Nc3 Bg7 4. e4 d6 5. f3 Nc6 6. Be3 Bd7 7. Qd2 e5 8. d5 Ne7 9. g4 b6 10. h4 h6 11. Be2 c6 12. Rd1 c5 13. Nh3 a6 14. Nf2 b5 15. cxb5 axb5 16. a3 0-0 17. Bxh6 Qb6 18. Bxg7 Kxg7 19. h5 Nfg8 20. hxg6 Nxg6 21. Nh3 f6 22. g5 b4 23. gxf6+ Nxf6 24. Na2 Rh8 25. Bf1 bxa3 26. bxa3 Rxa3 27. Bg2 Bxh3 28. Rxh3 Rxh3 29. Bxh3 Rxf3 30. Qg2 Qb3 31. Nc1 Qb4+ 32. Rd2 Nxe4 33. Qxf3 Qxd2+ 34. Kf1 Qxc1+ 35. Kg2 Nf4+ 36. Kh2 Ng5 37. Qg4 Qd2+ 38. Kh1 Qe1+ 39. Kh2 Qf2+ 40. Kh1 Qf3+ 41. Qxf3 Nxf3 42. Bg4 Ng5 0-1

[Event "Remote Federal-ch email"]
[Site "Remote email"]
[Date "2013.09.11"]
[Round "?"]
[White "Eichelsdoerfer, Martin"]
[Black "Pieleck, Rudolf"]
[Result "1-0"]
[WhiteElo "1927"]
[BlackElo "1662"]
[PlyCount "79"]
[EventDate "2013.??.??"]
[EventType "swiss (corr)"]
[EventRounds "12"]
[EventCountry "GER"]
[SourceTitle "Corr 2015"]
[Source "ChessBase"]
[SourceDate "2015.07.17"]
[SourceVersion "1"]
[SourceVersionDate "2015.07.17"]
[SourceQuality "1"]

1. Nf3 e6 2. d4 d5 3. c4 Nf6 4. Nc3 Bb4 5. Qc2 dxc4 6. Bg5 0-0 7. a3 Be7 8. e4 c5 9. e5 Nd5 10. Bxe7 Nxe7 11. Bxc4 cxd4 12. Rd1 Nbc6 13. 0-0 Nd5 14. Bxd5 exd5 15. Nb5 Bd7 16. Nd6 Qc7 17. Nxd4 a6 18. Rfe1 Qb6 19. Nxc6 Bxc6 20. Rd3 Rad8 21. Rh3 g6 22. Qd2 Bd7 23. Rh4 h5 24. Rb4 Qa5 25. Nxb7 Qc7 26. Nxd8 Rxd8 27. Qxd5 Be6 28. Qe4 Bd5 29. Qe3 Qc6 30. Rc1 Qe6 31. Rb6 Qg4 32. f3 Qd7 33. Rd6 Qe7 34. Qd4 Rxd6 35. exd6 Qe6 36. Kf2 Kh7 37. Re1 Qxd6 38. Re5 Qf6 39. Rxh5+ Kg7 40. Rh7+ 1-0

[Event "Remote Federal-ch email"]
[Site "Remote email"]
[Date "2013.09.11"]
[Round "?"]
[White "Kaltschmidt, Andreas"]
[Black "Eichelsdoerfer, Martin"]
[Result "0-1"]
[WhiteElo "1845"]
[BlackElo "1918"]
[PlyCount "36"]
[EventDate "2013.??.??"]
[EventType "swiss (corr)"]
[EventRounds "12"]
[EventCountry "GER"]
[SourceTitle "Corr 2015"]
[Source "ChessBase"]
[SourceDate "2015.07.17"]
[SourceVersion "1"]
[SourceVersionDate "2015.07.17"]
[SourceQuality "1"]

1. e4 c5 2. Nf3 Nc6 3. d4 cxd4 4. Nxd4 Nf6 5. Nc3 e5 6. Be2 Nxd4 7. Be3 Nxe2 8. Qxe2 Be7 9. 0-0 0-0 10. Rad1 b6 11. f3 Bb7 12. Rd2 Bb4 13. Qc4 Bxc3 14. Qxc3 Re8 15. Rfd1 Rc8 16. Qb3 Re7 17. a3 d5 18. exd5 Qd6 0-1

[Event "Remote S7E Schnell-95 email"]
[Site "Remote email"]
[Date "2013.07.19"]
[Round "?"]
[White "Eichelsdoerfer, Martin"]
[Black "Hahner, Anton"]
[Result "0-1"]
[WhiteElo "1975"]
[BlackElo "2153"]
[PlyCount "140"]
[EventDate "2013.??.??"]
[EventType "tourn (corr)"]
[EventRounds "6"]
[EventCountry "GER"]
[SourceTitle "Corr 2015"]
[Source "ChessBase"]
[SourceDate "2015.07.17"]
[SourceVersion "1"]
[SourceVersionDate "2015.07.17"]
[SourceQuality "1"]

1. d4 Nf6 2. Nf3 d5 3. c4 e6 4. e3 c6 5. Nc3 Nbd7 6. Qc2 Be7 7. Bd3 dxc4 8. Bxc4 c5 9. e4 cxd4 10. Nxd4 0-0 11. Bxe6 Nc5 12. Bxc8 Qxd4 13. Bh3 Nd3+ 14. Kf1 Rfd8 15. Be3 Qc4 16. Qe2 Nxb2 17. Qxc4 Nxc4 18. Ke2 Bb4 19. Rac1 Nxe3 20. Kxe3 Re8 21. Kf3 Bxc3 22. Rxc3 Nxe4 23. Rc7 Rad8 24. Bd7 Nd2+ 25. Kg3 Re7 26. Rhc1 Ne4+ 27. Kf3 g6 28. Bb5 Re5 29. Rxb7 Nd6 30. Rd7 Rf5+ 31. Ke2 Re8+ 32. Kf1 Nxb5 33. a4 Ree5 34. axb5 Rxb5 35. Rxa7 Rb2 36. f3 Rd5 37. Raa1 Rdd2 38. g4 Rg2 39. Ra3 Rxh2 40. Kg1 Rhg2+ 41. Kh1 Rgf2 42. Kg1 Kg7 43. Re1 Kf6 44. Rb3 Rg2+ 45. Kh1 Rh2+ 46. Kg1 Rxb3 47. Kxh2 Rxf3 48. Kg2 Rf4 49. Kg3 Kg5 50. Re5+ f5 51. gxf5 Rxf5 52. Re4 h5 53. Rd4 h4+ 54. Rxh4 Rf3+ 55. Kxf3 Kxh4 56. Kg2 Kg4 57. Kh2 Kf3 58. Kh1 Kg3 59. Kg1 g5 60. Kh1 Kf2 61. Kh2 g4 62. Kh1 Kg3 63. Kg1 Kf3 64. Kh1 Kf2 65. Kh2 g3+ 66. Kh3 g2 67. Kg4 g1Q+ 68. Kf5 Qg7 69. Ke4 Qf6 70. Kd5 Ke3 0-1

[Event "Remote S7E Schnell-95 email"]
[Site "Remote email"]
[Date "2013.07.19"]
[Round "?"]
[White "Eichelsdoerfer, Martin"]
[Black "Nogler, Schimun"]
[Result "0-1"]
[WhiteElo "1975"]
[BlackElo "2410"]
[PlyCount "100"]
[EventDate "2013.??.??"]
[EventType "tourn (corr)"]
[EventRounds "6"]
[EventCountry "GER"]
[SourceTitle "Corr 2015"]
[Source "ChessBase"]
[SourceDate "2015.07.17"]
[SourceVersion "1"]
[SourceVersionDate "2015.07.17"]
[SourceQuality "1"]

1. d4 Nf6 2. Bg5 c5 3. Nf3 e6 4. c3 cxd4 5. cxd4 Qb6 6. Bxf6 Qxb2 7. Bxg7 Bxg7 8. Nbd2 b6 9. e3 Bb7 10. Be2 0-0 11. Nc4 Qb4+ 12. Qd2 Nc6 13. 0-0 Rfd8 14. Qd3 Rac8 15. Rab1 Qe7 16. Qb3 Bf8 17. Rfd1 d5 18. Nfe5 dxc4 19. Nxc4 Qg5 20. f4 Qg7 21. Bf1 Nxd4 22. exd4 Rxd4 23. Rd3 Rxf4 24. Rg3 Rg4 25. Rxg4 Qxg4 26. Qg3 Bc5+ 27. Kh1 Qxg3 28. hxg3 Bd5 29. a4 Bf2 30. Ne5 Bxg3 31. Nd7 Kg7 32. Rb4 h5 33. Kg1 Rc2 34. Kh1 Rc1 35. Kg1 e5 36. Nxe5 Bxe5 37. Kf2 Bd6 38. Rh4 Bc5+ 39. Ke2 Be6 40. Rf4 Bc4+ 41. Kd2 Bxf1 42. Rf3 Ra1 43. Rg3+ Kh6 44. Rf3 Ra2+ 45. Kc1 Bxg2 46. Rxf7 Be4 47. Rf6+ Kg7 48. Re6 Be3+ 49. Kd1 Bf3+ 50. Ke1 Ra1# 0-1

[Event "Remote Random email"]
[Site "Remote email"]
[Date "2013.05.05"]
[Round "?"]
[White "Eichelsdoerfer, Martin"]
[Black "Pieleck, Rudolf"]
[Result "1-0"]
[WhiteElo "1960"]
[BlackElo "1649"]
[PlyCount "67"]
[EventDate "2013.??.??"]
[EventType "tourn (corr)"]
[EventRounds "6"]
[EventCountry "GER"]
[SourceTitle "Corr 2015"]
[Source "ChessBase"]
[SourceDate "2015.07.17"]
[SourceVersion "1"]
[SourceVersionDate "2015.07.17"]
[SourceQuality "1"]

1. d4 d5 2. c4 e6 3. Nc3 c5 4. cxd5 exd5 5. e3 Nf6 6. Nf3 Nc6 7. Bb5 Bd7 8. a3 Bd6 9. 0-0 c4 10. Qc2 0-0 11. Re1 a6 12. Bxc6 Bxc6 13. Ne5 Bxe5 14. dxe5 Ne4 15. f3 Nxc3 16. Qxc3 b5 17. Bd2 Ra7 18. Qd4 Re7 19. f4 Rb7 20. Bb4 Re8 21. Re2 a5 22. Bc3 a4 23. e6 f6 24. f5 Qb6 25. Qg4 Rf8 26. Rf1 Re7 27. Kh1 Rfe8 28. Bxf6 Qc7 29. Bxe7 d4 30. Bf6 d3 31. Rd2 Rf8 32. Bxg7 Qxg7 33. Qxg7+ Kxg7 34. e7 1-0

[Event "Remote Random-153 email"]
[Site "Remote email"]
[Date "2013.02.19"]
[Round "?"]
[White "Eichelsdoerfer, Martin"]
[Black "Pieleck, Rudolf"]
[Result "1-0"]
[WhiteElo "1942"]
[BlackElo "1620"]
[PlyCount "127"]
[EventDate "2013.??.??"]
[EventType "tourn (corr)"]
[EventRounds "6"]
[EventCountry "GER"]
[SourceTitle "Corr 2015"]
[Source "ChessBase"]
[SourceDate "2015.07.17"]
[SourceVersion "1"]
[SourceVersionDate "2015.07.17"]
[SourceQuality "1"]

1. d4 Nf6 2. c4 g6 3. Nc3 Bg7 4. Nf3 d6 5. g3 0-0 6. Bg2 c6 7. 0-0 Qa5 8. Bd2 Qh5 9. Bg5 h6 10. Bxf6 Bxf6 11. e3 Qa5 12. a3 Qb6 13. b4 c5 14. Nd5 Qc6 15. Nd2 Qd7 16. Nxf6+ exf6 17. dxc5 dxc5 18. Ne4 Qe7 19. Qd6 Qxd6 20. Nxd6 Nc6 21. bxc5 Na5 22. Rfb1 Rb8 23. Rb5 b6 24. cxb6 axb6 25. c5 Ba6 26. Rxb6 Rxb6 27. cxb6 Nb3 28. Rb1 Nd2 29. Rb4 Rb8 30. b7 Be2 31. a4 Kf8 32. Rb6 Nf3+ 33. Bxf3 Bxf3 34. a5 Bxb7 35. Rxb7 Ra8 36. Rxf7+ Kg8 37. Rxf6 Kg7 38. Rf7+ Kg8 39. Rf6 Kg7 40. Rf7+ Kg8 41. e4 Rxa5 42. h4 Re5 43. Rd7 Kf8 44. f4 Re7 45. Rd8+ Kg7 46. e5 Kh7 47. Kg2 Re6 48. Kf3 Re7 49. Kg4 Re6 50. Rd7+ Kg8 51. Ra7 Kf8 52. Rh7 h5+ 53. Kg5 Kg8 54. Rf7 Rxd6 55. Rf6 Rd3 56. Rxg6+ Kh7 57. Kxh5 Rd5 58. Kg5 Rb5 59. Rd6 Rb3 60. g4 Rb7 61. e6 Rg7+ 62. Kf5 Kh8 63. Rd7 Rg8 64. e7 1-0

[Event "Remote Random-153 email"]
[Site "Remote email"]
[Date "2013.02.19"]
[Round "?"]
[White "Mantau, Jan"]
[Black "Eichelsdoerfer, Martin"]
[Result "0-1"]
[WhiteElo "2067"]
[BlackElo "1942"]
[PlyCount "66"]
[EventDate "2013.??.??"]
[EventType "tourn (corr)"]
[EventRounds "6"]
[EventCountry "GER"]
[SourceTitle "Corr 2015"]
[Source "ChessBase"]
[SourceDate "2015.07.17"]
[SourceVersion "1"]
[SourceVersionDate "2015.07.17"]
[SourceQuality "1"]

1. d4 Nf6 2. c4 g6 3. Nc3 Bg7 4. Nf3 d6 5. g3 0-0 6. Bg2 c6 7. 0-0 Qa5 8. e4 Bg4 9. h3 Bxf3 10. Bxf3 Nbd7 11. Be3 c5 12. d5 Qb4 13. Qb3 Nb6 14. Be2 a5 15. f3 Nfd7 16. f4 a4 17. Qxb4 cxb4 18. Nd1 a3 19. Bc1 Bd4+ 20. Be3 axb2 21. Rb1 Bxe3+ 22. Nxe3 Rxa2 23. Nd1 Na4 24. Bd3 Nc3 25. Rxb2 Rxb2 26. Nxb2 Ra8 27. Rf2 Ra1+ 28. Kg2 Nc5 29. Kf3 e6 30. Ke3 Nd1+ 31. Nxd1 Rxd1 32. Rd2 Ra1 33. h4 b3 0-1

[Event "Remote Random-153 email"]
[Site "Remote email"]
[Date "2013.02.19"]
[Round "?"]
[White "Pieleck, Rudolf"]
[Black "Eichelsdoerfer, Martin"]
[Result "0-1"]
[WhiteElo "1620"]
[BlackElo "1942"]
[PlyCount "130"]
[EventDate "2013.??.??"]
[EventType "tourn (corr)"]
[EventRounds "6"]
[EventCountry "GER"]
[SourceTitle "Corr 2015"]
[Source "ChessBase"]
[SourceDate "2015.07.17"]
[SourceVersion "1"]
[SourceVersionDate "2015.07.17"]
[SourceQuality "1"]

1. d4 Nf6 2. c4 g6 3. Nc3 Bg7 4. Nf3 d6 5. g3 0-0 6. Bg2 c6 7. 0-0 Qa5 8. h3 Nbd7 9. e4 e5 10. dxe5 dxe5 11. Bd2 Qb6 12. b3 Qc7 13. Qc2 b6 14. Be3 Rd8 15. Rad1 Bb7 16. Bg5 Nc5 17. b4 Ne6 18. Rfe1 Nxg5 19. Nxg5 Bf8 20. b5 Rxd1 21. Rxd1 cxb5 22. Nxb5 Qc5 23. Nf3 Bxe4 24. Qe2 a6 25. Nc3 Bf5 26. Nxe5 Re8 27. Nd5 Nd7 28. Nxd7 Rxe2 29. Nxc5 Bxc5 30. Ne3 Bxe3 31. fxe3 Rxe3 32. g4 Be6 33. Bd5 Rxh3 34. Kf2 Bxg4 35. Rb1 b5 36. cxb5 axb5 37. Rxb5 Kg7 38. Rb7 h5 39. Rxf7+ Kh6 40. a4 Ra3 41. Bc6 h4 42. Rb7 h3 43. Rb2 Kg5 44. Rb4 Rc3 45. Bb7 Rc2+ 46. Kg3 Rc3+ 47. Kf2 h2 48. Kg2 Bf3+ 49. Kxh2 Bxb7 50. Rxb7 Ra3 51. Ra7 Kg4 52. Rg7 g5 53. a5 Ra2+ 54. Kg1 Rxa5 55. Rb7 Ra2 56. Rb1 Kh4 57. Rb3 g4 58. Rb1 Kh3 59. Rb3+ g3 60. Rb1 Rg2+ 61. Kh1 Rf2 62. Ra1 g2+ 63. Kg1 Rf3 64. Rb1 Kg3 65. Rb3 Rxb3 0-1

[Event "Remote S7E Basic-60 email"]
[Site "Remote email"]
[Date "2012.11.22"]
[Round "?"]
[White "Noack, Thomas"]
[Black "Eichelsdoerfer, Martin"]
[Result "1-0"]
[WhiteElo "2016"]
[BlackElo "1985"]
[PlyCount "75"]
[EventDate "2012.??.??"]
[EventType "tourn (corr)"]
[EventRounds "6"]
[EventCountry "GER"]
[SourceTitle "Corr 2015"]
[Source "ChessBase"]
[SourceDate "2015.07.17"]
[SourceVersion "1"]
[SourceVersionDate "2015.07.17"]
[SourceQuality "1"]

1. e4 e5 2. Nf3 Nf6 3. Nc3 Nc6 4. d4 Bb4 5. Nxe5 Nxe4 6. Qg4 Bxc3+ 7. bxc3 Nxf2 8. Qxg7 Rf8 9. Bh6 Qe7 10. Kxf2 Nxe5 11. dxe5 d5 12. Qxf8+ Qxf8 13. Bxf8 Kxf8 14. Bd3 Be6 15. Bxh7 Kg7 16. Bd3 a5 17. h4 b6 18. Ke3 Rh8 19. h5 c5 20. Rab1 Rb8 21. h6+ Kh8 22. Rh4 c4 23. Be2 Bf5 24. Kd4 Bxc2 25. Rb2 Be4 26. Bh5 b5 27. Bxf7 b4 28. g4 b3 29. a3 Rd8 30. g5 Kh7 31. e6 Bf5 32. e7 Ra8 33. e8Q Rxe8 34. Bxe8 Be6 35. g6+ Kh8 36. Rf2 Bg8 37. Bd7 a4 38. g7+ 1-0